[Event "6th Heraklion Capablanca 2019"]
[Site "Heraklion"]
[Date "2019.05.04"]
[Round "6.4"]
[White "Yoo, Christopher Woojin"]
[Black "Antic, Dejan"]
[Result "1/2-1/2"]
[WhiteElo "2416"]
[BlackElo "2471"]
[Annotator "TA"]
[PlyCount "114"]
[EventDate "2019.04.29"]
[EventType "tourn"]
[EventCountry "GRE"]
[SourceTitle "playchess.com"]
[Source "ChessBase"]
[SourceQuality "1"]

{[%evp 14,114,56,20,26,20,26,25,10,15,18,12,29,22,35,27,43,34,37,10,11,2,18,11,10,3,8,16,19,0,23,31,25,25,25,25,37,6,3,1,0,0,15,7,7,10,11,0,0,0,0,0,7,7,7,7,7,7,43,0,0,0,0,0,0,0,0,0,0,0,20,20,20,20,20,20,20,20,20,20,20,20,20,20,20,20,20,20,20,20,20,20,20,20,20,20,20,20,20,20,20,20,20]} 1. e4 e5 2. Nf3 Nf6 3. Nxe5 d6 4. Nf3 Nxe4 5. d4 d5 6. Bd3 Be7 7. O-O O-O 8. Nbd2 {[%cal Bb1d2,Bd2f1,Bf1g3][%mdl 32]} Bf5 {C42: Petroff Defence: 3 Nxe5 and unusual White 3rd moves} 9. Re1 {[%cal Rd2e4]} Nd6 $1 10. Bxf5 Nxf5 {White has an edge.} 11. c3 c6 12. Qb3 Nd6 13. Nf1 Nd7 {[%cal Bb8d7,Bd7b6,Bb6c4][%mdl 32]} 14. Bf4 Nb6 {[#]} 15. Ng3 $146 ({Predecessor:} 15. Re2 f6 16. Rae1 Rf7 {½-½ (25) Anand,V (2771)-Duda,J (2739) Batumi 2018}) 15... Re8 16. Re2 Bf8 17. Rxe8 Qxe8 18. a4 Nbc4 19. Qc2 f6 20. b3 Na5 21. Nd2 Qg6 (21... Qe6 {feels hotter.} 22. Rc1 b6 23. Nf3 g6 24. Re1 Qd7) 22. Qxg6 hxg6 23. Bxd6 Bxd6 24. b4 Bxg3 25. hxg3 (25. fxg3 {looks sharper.} Nc4 26. Nxc4 dxc4 27. Rb1 Kf7 28. b5) 25... Nc4 26. Nxc4 dxc4 $11 {[%mdl 4096] Endgame KR-KR} 27. b5 Rc8 28. Kf1 Kf7 29. Ke2 Ke6 30. Kd2 c5 31. Re1+ Kd6 32. Re4 a6 33. bxa6 bxa6 34. dxc5+ Rxc5 35. Ke3 Re5 36. Kd4 (36. f4 $5 {[%cal Rf4e5]} Rc5 37. Rd4+ Ke6 38. Kf3 $14) 36... Ra5 {The position is equal.} 37. Re8 Rxa4 38. Rg8 Ke6 39. Rxg7 g5 40. Rc7 Ra2 41. Rc6+ Kf5 42. g4+ Kg6 43. Ke3 a5 44. Rxc4 Rc2 45. g3 a4 46. Rxa4 {Threatens to win with Rc4.} Rxc3+ 47. Ke2 Kf7 48. Re4 Ra3 49. Rd4 Rb3 50. Rd3 Rb4 51. Kf3 Ra4 52. Re3 Rb4 53. Re4 Rb3+ 54. Kg2 Rb2 55. Kf1 Rb1+ 56. Re1 Rb3 57. Kg2 Rb2 {Accuracy: White = 72%, Black = 82%.} 1/2-1/2

[Event "6th Heraklion Capablanca 2019"]
[Site "Heraklion"]
[Date "2019.05.04"]
[Round "6.5"]
[White "Zarubitski, Viachaslau"]
[Black "Harff, Marcel"]
[Result "1/2-1/2"]
[WhiteElo "2416"]
[BlackElo "2388"]
[Annotator "NA"]
[PlyCount "78"]
[EventDate "2019.04.29"]
[EventType "tourn"]
[EventCountry "GRE"]
[SourceTitle "playchess.com"]
[Source "ChessBase"]
[SourceQuality "1"]
[TimeControl "40/5400+30:1800+30"]

1. e4 {[%emt 0:00:00]} c5 {[%emt 0:00:00]} 2. Nf3 {[%emt 0:00:00]} Nc6 {[%emt 0:00:00]} 3. Bb5 {[%emt 0:00:12]} g6 {[%emt 0:00:00]} 4. O-O {[%emt 0:00:29]} Bg7 {[%emt 0:00:00]} 5. Bxc6 {[%emt 0:00:22]} dxc6 {[%emt 0:00:05]} 6. d3 {[%emt 0:00:03]} Qc7 {[%emt 0:01:38]} 7. h3 {[%emt 0:00:25]} b6 {[%emt 0:00:47]} 8. Qe2 {[%emt 0:00:54]} e5 {[%emt 0:00:08]} 9. a3 {[%emt 0:01:58]} a5 {[%emt 0:00:40]} 10. Be3 {[%emt 0:00:24]} Nf6 {[%emt 0:00:23]} 11. Nbd2 {[%emt 0:00:44]} Nh5 {[%emt 0:01:19]} 12. Nc4 {[%emt 0:15:21]} Be6 {[%emt 0:09:47]} 13. b4 {[%emt 0:08:30]} Bxc4 {[%emt 0:02:59]} 14. dxc4 {[%emt 0:00:24]} Nf4 {[%emt 0:00:35]} 15. Bxf4 {[%emt 0:04:48]} exf4 {[%emt 0:00:09]} 16. e5 {[%emt 0:00:03]} axb4 {[%emt 0:00:24]} 17. axb4 {[%emt 0:00:14]} Rxa1 {[%emt 0:00:36]} 18. Rxa1 {[%emt 0:00:03]} cxb4 {[%emt 0:00:12]} 19. Ra8+ {[%emt 0:06:45]} Ke7 {[%emt 0:00:10]} 20. Rxh8 {[%emt 0:00:28]} Bxh8 {[%emt 0:00:05]} 21. Qe4 {[%emt 0:00:04]} Kf8 {[%emt 0:03:30]} 22. Qxf4 {[%emt 0:01:40]} Kg8 {[%emt 0:09:13]} 23. Qe4 {[%emt 0:01:13]} Qd7 {[%emt 0:01:02]} 24. Ne1 {[%emt 0:07:03]} Bg7 {[%emt 0:00:29]} 25. Nd3 {[%emt 0:00:48]} Bf8 {[%emt 0:00:14]} 26. g4 {[%emt 0:01:15]} g5 {[%emt 0:03:22]} 27. Kg2 {[%emt 0:00:51]} h6 {[%emt 0:00:20]} 28. Kf3 {[%emt 0:17:58]} Qe6 {[%emt 0:01:56]} 29. Qd4 {[%emt 0:01:38]} b5 {[%emt 0:00:32]} 30. cxb5 {[%emt 0:19:10]} cxb5 {[%emt 0:00:09]} 31. Ke3 {[%emt 0:02:40]} b3 {[%emt 0:00:13]} 32. cxb3 {[%emt 0:02:59]} Qxb3 {[%emt 0:00:09]} 33. Ke4 {[%emt 0:00:09]} b4 {[%emt 0:02:08]} 34. f4 {[%emt 0:03:24]} gxf4 {[%emt 0:00:14]} 35. Kxf4 {[%emt 0:02:30]} Be7 {[%emt 0:07:59]} 36. Qd7 {[%emt 0:00:43]} Bg5+ {[%emt 0:03:29]} 37. Ke4 {[%emt 0:00:08]} Qc4+ {[%emt 0:00:21]} 38. Kf5 {[%emt 0:00:21]} b3 {[%emt 0:01:45]} 39. e6 {[%emt 0:00:10]} Qxe6+ {[%emt 0:00:13]} 1/2-1/2

[Event "6th Heraklion Capablanca 2019"]
[Site "Heraklion"]
[Date "2019.05.05"]
[Round "7.1"]
[White "Harff, Marcel"]
[Black "Karousos-Theodorakis, Nikolaos"]
[Result "1/2-1/2"]
[WhiteElo "2412"]
[BlackElo "2280"]
[Annotator "NA RC"]
[PlyCount "31"]
[EventDate "2019.04.29"]
[EventType "tourn"]
[EventCountry "GRE"]
[SourceTitle "playchess.com"]
[Source "ChessBase"]
[SourceQuality "1"]
[TimeControl "40/5400+30:1800+30"]

1. c4 {[%emt 0:00:00]} e5 {[%emt 0:00:00]} 2. Nc3 {[%emt 0:00:00]} Nf6 {[%emt 0:00:00]} 3. Nf3 {[%emt 0:00:00]} d6 {[%emt 0:00:24]} 4. g3 {[%emt 0:01:05]} g6 {[%emt 0:00:12]} 5. Bg2 {[%emt 0:00:07]} Bg7 {[%emt 0:00:05]} 6. d4 {[%emt 0:01:29]} Nbd7 {[%emt 0:00:51]} 7. O-O {[%emt 0:00:23]} O-O {[%emt 0:00:11]} 8. e4 {[%emt 0:01:43]} Re8 {[%emt 0:01:12]} 9. Re1 {[%emt 0:01:19]} a6 {[%emt 0:00:23]} 10. b3 {[%emt 0:04:30]} Rb8 {[%emt 0:11:58]} 11. dxe5 {[%emt 0:08:24]} Nxe5 {[%emt 0:01:51]} 12. Nxe5 {[%emt 0:00:11]} dxe5 {[%emt 0:00:05]} 13. Qxd8 {[%emt 0:01:14]} Rxd8 {[%emt 0:00:05]} 14. Bg5 {[%emt 0:00:24]} c6 {[%emt 0:02:44]} 15. Rad1 {[%emt 0:03:29]} Be6 {[%emt 0:03:25]} 16. Na4 {[%emt 0:03:57]} 1/2-1/2

[Event "6th Heraklion Capablanca 2019"]
[Site "Heraklion"]
[Date "2019.05.05"]
[Round "7.2"]
[White "Antic, Dejan"]
[Black "Zarubitski, Viachaslau"]
[Result "1/2-1/2"]
[WhiteElo "2471"]
[BlackElo "2416"]
[Annotator "ChessBase"]
[PlyCount "23"]
[EventDate "2019.04.29"]
[EventType "tourn"]
[EventCountry "GRE"]
[SourceTitle "playchess.com"]
[Source "ChessBase"]
[SourceQuality "1"]
[TimeControl "40/5400+30:1800+30"]

1. d4 {[%emt 0:00:23]} d5 {[%emt 0:00:00]} 2. c4 {[%emt 0:00:14]} c6 {[%emt 0:00:00]} 3. cxd5 {[%emt 0:01:02]} cxd5 {[%emt 0:00:00]} 4. Bf4 {[%emt 0:00:18]} Nf6 {[%emt 0:00:00]} 5. Nc3 {[%emt 0:00:26]} Nc6 {[%emt 0:00:00]} 6. e3 {[%emt 0:00:24]} e6 {[%emt 0:00:00]} 7. Bd3 {[%emt 0:01:06]} Be7 {[%emt 0:00:04]} 8. h3 {[%emt 0:00:55]} O-O {[%emt 0:00:41]} 9. Rc1 {[%emt 0:00:27]} Bd7 {[%emt 0:00:56]} 10. Nf3 {[%emt 0:00:22]} Qb6 {[%emt 0:00:14]} 11. Qe2 {[%emt 0:01:52]} Rfd8 {[%emt 0:04:25]} 12. O-O {[%emt 0:01:02]} 1/2-1/2

[Event "6th Heraklion Capablanca 2019"]
[Site "Heraklion"]
[Date "2019.05.05"]
[Round "7.3"]
[White "Kelires, Andreas"]
[Black "Yoo, Christopher Woojin"]
[Result "1-0"]
[WhiteElo "2508"]
[BlackElo "2414"]
[Annotator "TA"]
[PlyCount "69"]
[EventDate "2019.04.29"]
[EventType "tourn"]
[EventCountry "GRE"]
[SourceTitle "playchess.com"]
[Source "ChessBase"]
[SourceQuality "1"]

{[%evp 15,89,44,47,46,47,43,37,38,62,50,71,61,83,83,126,114,154,148,152,143,160,154,212,171,164,0,151,97,193,182,185,174,189,190,207,205,215,160,211,201,239,206,291,282,277,245,282,274,368,336,543,535,525,510,510,514,504,495,514,496,493,510,725,687,1283,1270,1415,1401,1289,1173,1822,1743,3168,3278,29987,6103]} 1. c4 Nf6 2. Nc3 g6 3. e4 d6 4. d4 Bg7 5. f3 O-O 6. Be3 Nc6 7. Nge2 a6 8. Qd2 Bd7 9. h4 {E83: King's Indian: Sämisch Panno (6...Nc6): Lines without either Nge2 or Qd2} (9. Rc1 b5 10. cxb5 axb5 11. Nxb5 Rxa2 12. Nbc3 Ra8 13. d5 Na5 14. Nd4 Qb8 15. Be2 e5 16. dxe6 fxe6 {1-0 (73) Korobov,A (2698)-Smirin,I (2609) St Petersburg 2018}) 9... h5 10. Rc1 Rb8 11. Nd1 {White is slightly better.} b5 12. c5 Re8 13. Nf2 e6 $146 ({Predecessor:} 13... dxc5 14. Rxc5 e5 15. d5 Ne7 16. Qc1 Bf8 17. Rxc7 Nexd5 18. exd5 {½-½ (74) Othman,A (2277)-Baasansuren,E (2128) Warsaw 2017}) 14. Bg5 e5 15. d5 Nd4 16. Nxd4 exd4 17. c6 Bc8 18. Be2 Re5 (18... Qe7 $16 19. Rd1 (19. Qxd4 Nh7 $16) 19... Qf8) 19. Nd3 Re7 20. Nf2 $2 (20. O-O $18) 20... Qe8 $2 (20... Re5 $1 $11) 21. Kf1 (21. Rd1 $142) 21... Re5 (21... Qf8 $16 {might work better.}) 22. Nd3 $36 {[%mdl 2048] White is really pushing.} Re7 23. Re1 Kh7 24. g3 Qh8 25. Kg2 Re8 26. Nf2 Kg8 (26... Qf8 $16 27. Qa5 Rb6) 27. Bd3 Nh7 28. Bf4 b4 (28... Be5 $142 29. Bc2 Bxf4 30. gxf4 (30. Qxf4 b4 $16) 30... Qf6) 29. a3 $18 bxa3 30. bxa3 Bf6 31. Rb1 Rxb1 32. Rxb1 Be7 $2 (32... Be5 {was called for.} 33. Qa5 {[%mdl 64] Double Attack} Bxf4) 33. Qa5 {[%mdl 64] Double Attack} g5 34. hxg5 Nxg5 {Black hopes to continue with ...h4.} 35. Qxc7 {Played: Rb1-h1} 1-0

[Event "6th Heraklion Capablanca 2019"]
[Site "Heraklion"]
[Date "2019.05.05"]
[Round "7.4"]
[White "Vaishali R"]
[Black "Demuth, Adrien"]
[Result "1/2-1/2"]
[WhiteElo "2353"]
[BlackElo "2512"]
[Annotator "TA"]
[PlyCount "54"]
[EventDate "2019.04.29"]
[EventType "tourn"]
[EventCountry "GRE"]
[SourceTitle "playchess.com"]
[Source "ChessBase"]
[SourceQuality "1"]

{[%evp 9,54,14,22,10,8,12,16,8,8,8,18,8,8,4,9,8,8,8,5,3,12,0,16,0,0,0,0,0,4,0,27,25,60,64,52,38,41,24,33,0,0,0,0,0,0,0,6]} 1. e4 c5 2. Nf3 d6 3. Bb5+ Nd7 4. O-O a6 5. Bd3 Ngf6 6. Re1 {B51: Sicilian: Moscow Variation (3 Bb5+) without 3...Bd7} e6 7. c3 (7. a4 b6 8. c3 Bb7 9. Qe2 Qc7 10. Na3 Be7 11. Bb1 e5 12. d4 cxd4 13. cxd4 exd4 14. Nxd4 {½-½ (42) Jakovenko,D (2719)-Ding,L (2809) Shenzhen 2019}) 7... b5 8. Bc2 c4 9. a4 $146 ({Predecessor:} 9. d4 cxd3 10. Qxd3 Bb7 {½-½ (57) Tomazini,Z (2437)-Palac,M (2553) Zagreb 2018}) 9... Bb7 10. d4 cxd3 11. Qxd3 Nc5 12. Qe2 bxa4 13. e5 dxe5 14. Nxe5 Qd5 {[%csl Gb7][%cal Rd5g2] [#]} 15. f3 {Hoping for Rd1.} Bd6 16. Nd2 Bxe5 17. Qxe5 Qxe5 18. Rxe5 Nfd7 19. Rh5 g6 20. Rh4 Ke7 21. Bxa4 Nxa4 22. Rhxa4 Nc5 23. Rb4 {[#] Threatens to win with Nb3.} Rab8 24. Nb3 Nd3 $1 {[%cal Rd3b4] The position is equal.} 25. Rd4 Rhd8 26. Rxd8 Rxd8 27. Na5 Ba8 {Accuracy: White = 61%, Black = 62%.} 1/2-1/2

[Event "6th Heraklion Capablanca 2019"]
[Site "Heraklion"]
[Date "2019.05.05"]
[Round "7.5"]
[White "Szwed, Jacek"]
[Black "Anagnostopoulos, Konstantinos"]
[Result "1/2-1/2"]
[WhiteElo "2387"]
[BlackElo "2345"]
[Annotator "RC"]
[PlyCount "96"]
[EventDate "2019.04.29"]
[EventType "tourn"]
[EventCountry "GRE"]
[SourceTitle "playchess.com"]
[Source "ChessBase"]
[SourceQuality "1"]
[TimeControl "40/5400+30:1800+30"]

1. d4 {[%emt 0:00:00]} d5 {[%emt 0:06:43]} 2. c4 {[%emt 0:00:00]} e6 {[%emt 0:00:04]} 3. Nc3 {[%emt 0:00:08]} Nf6 {[%emt 0:00:05]} 4. cxd5 {[%emt 0:00:05]} exd5 {[%emt 0:00:06]} 5. Bg5 {[%emt 0:00:06]} Be7 {[%emt 0:00:14]} 6. e3 {[%emt 0:00:05]} c6 {[%emt 0:00:07]} 7. Bd3 {[%emt 0:00:08]} Nbd7 {[%emt 0:00:07]} 8. Qc2 {[%emt 0:00:17]} h6 {[%emt 0:00:06]} 9. Bh4 {[%emt 0:11:56]} Nh5 {[%emt 0:00:08]} 10. Bxe7 {[%emt 0:00:09]} Qxe7 {[%emt 0:00:04]} 11. Nge2 {[%emt 0:00:08]} Nb6 {[%emt 0:00:18]} 12. O-O {[%emt 0:00:39]} O-O {[%emt 0:00:05]} 13. Rae1 {[%emt 0:02:10]} Bd7 {[%emt 0:00:10]} 14. Nc1 {[%emt 0:02:40]} Rae8 {[%emt 0:01:52]} 15. Nb3 {[%emt 0:08:38]} Qg5 {[%emt 0:00:53]} 16. f4 {[%emt 0:34:25]} Qh4 {[%emt 0:02:29]} 17. f5 {[%emt 0:03:53]} Nf6 {[%emt 0:03:14]} 18. Qf2 {[%emt 0:02:05]} Qxf2+ {[%emt 0:02:03]} 19. Rxf2 {[%emt 0:00:01]} Nc8 {[%emt 0:03:01]} 20. h3 {[%emt 0:08:50]} Nd6 {[%emt 0:01:51]} 21. g4 {[%emt 0:00:21]} b6 {[%emt 0:00:20]} 22. Kg2 {[%emt 0:06:14]} c5 {[%emt 0:05:18]} 23. dxc5 {[%emt 0:02:30]} bxc5 {[%emt 0:00:04]} 24. Nxc5 {[%emt 0:01:58]} Bc6 {[%emt 0:00:04]} 25. Kf1 {[%emt 0:01:44]} h5 {[%emt 0:13:43]} 26. Rf4 {[%emt 0:05:51]} Re5 {[%emt 0:06:52]} 27. Nb3 {[%emt 0:01:00]} hxg4 {[%emt 0:01:49]} 28. hxg4 {[%emt 0:00:01]} g5 {[%emt 0:00:22]} 29. fxg6 {[%emt 0:05:11]} fxg6 {[%emt 0:00:04]} 30. Bxg6 {[%emt 0:01:25]} Nxg4 {[%emt 0:00:57]} 31. Rxf8+ {[%emt 0:00:04]} Kxf8 {[%emt 0:00:05]} 32. Nd1 {[%emt 0:02:39]} Bb5+ {[%emt 0:11:43]} 33. Kg2 Rg5 {[%emt 0:00:12]} 34. Bb1 {[%emt 0:00:22]} Ne5+ {[%emt 0:00:44]} 35. Kf2 {[%emt 0:01:11]} Ne4+ {[%emt 0:12:30]} 36. Bxe4 {[%emt 0:00:03]} dxe4 {[%emt 0:00:04]} 37. Nc1 {[%emt 0:00:13]} Rf5+ {[%emt 0:09:10]} 38. Kg2 {[%emt 0:00:58]} Rg5+ {[%emt 0:03:10]} 39. Kf2 {[%emt 0:00:02]} Rf5+ {[%emt 0:00:31]} 40. Kg3 {[%emt 0:00:00]} Bf1 {[%emt 0:00:00]} 41. Nf2 {[%emt 0:18:24]} Rf3+ {[%emt 0:04:52]} 42. Kh2 {[%emt 0:00:01]} Rxf2+ {[%emt 0:02:48]} 43. Kg1 {[%emt 0:00:01]} Rc2 {[%emt 0:10:56]} 44. Kxf1 {[%emt 0:00:55]} Nf3 {[%emt 0:02:51]} 45. Rd1 {[%emt 0:00:39]} Rh2 {[%emt 0:06:47]} 46. b4 {[%emt 0:06:15]} Rh1+ {[%emt 0:01:02]} 47. Ke2 {[%emt 0:00:02]} Rh2+ {[%emt 0:00:08]} 48. Kf1 {[%emt 0:00:01]} Rh1+ {[%emt 0:00:07]} 1/2-1/2

[Event "6th Heraklion Capablanca 2019"]
[Site "Heraklion"]
[Date "2019.05.06"]
[Round "8.1"]
[White "Karousos-Theodorakis, Nikolaos"]
[Black "Anagnostopoulos, Konstantinos"]
[Result "0-1"]
[WhiteElo "2280"]
[BlackElo "2345"]
[Annotator "TA"]
[PlyCount "62"]
[EventDate "2019.04.29"]
[EventType "tourn"]
[EventCountry "GRE"]
[SourceTitle "playchess.com"]
[Source "ChessBase"]
[SourceQuality "1"]

{[%evp 13,62,4,42,29,43,-18,-26,-48,-46,-38,-49,-45,-50,-70,-25,-32,1,-9,11,0,0,0,0,0,43,54,79,53,227,208,212,197,206,183,212,0,0,0,0,-933,-907,-861,-868,-29975,-29975,-29975,-29976,-5297,-5302,-29982,-29983]} 1. e4 Nf6 2. Nc3 e6 3. f4 d5 4. e5 Nfd7 5. Nf3 c5 6. g3 Nc6 7. Bg2 f6 {[%cal Rf6e5]} 8. exf6 {B02: Alekhine's Defence: Chase Variation and lines with early Nc3} Nxf6 9. Ne5 $146 (9. O-O $14) ({Predecessor:} 9. O-O Bd6 10. d4 O-O 11. Ne2 Qb6 12. c3 Bd7 13. Kh1 a5 14. Qb3 Qc7 15. Be3 b6 {1-0 (47) Popchev,M (2405)-Petrov,I (2205) Sunny Beach 2006}) 9... Bd6 $11 10. Nxc6 {Black has an edge.} bxc6 11. O-O O-O 12. d3 e5 13. f5 Rb8 14. Na4 Ne8 15. c4 Be7 16. g4 {[#]} h5 $1 {[%mdl 512]} 17. h3 (17. gxh5 dxc4) 17... hxg4 18. hxg4 Bg5 (18... Nf6 $5 {[%cal Rd5c4]}) 19. cxd5 Bxc1 20. Rxc1 (20. Qxc1 Rb4 $11) 20... Qg5 $2 (20... Nf6 $1 $14) 21. dxc6 $18 Nf6 22. Rc4 {And now Qc1 would win.} Ba6 23. Qc1 (23. Rxc5 Nxg4 24. Qe2 Rb4 $11) 23... Qh4 {[#]} 24. Nxc5 $2 (24. c7 Rbc8 $14) ({Only move:} 24. Qe1 $1 $18 {[%cal Re1h4]} Qh6 25. Qg3 (25. Rxc5 Nxg4 26. Qg3 Rb4 $16) (25. Qxe5 Bxc4 26. dxc4 Nxg4 $18) 25... Bxc4 26. dxc4) 24... Bxc4 $40 {[%mdl 128] Black mounts an attack.} 25. Qxc4+ Rf7 $1 ({Wrong is} 25... Kh8 $2 26. Rf3 $18 (26. g5 $2 Ng4 $19)) 26. Rf2 $2 {[%mdl 8192]} (26. Rf3 $11) 26... Nxg4 $19 27. Re2 {[#]} Rxb2 $1 {[%mdl 512] ( -> ...Qh2+)} 28. Rxb2 Qh2+ 29. Kf1 Ne3+ {[%mdl 64] Double Attack} 30. Ke1 Qg1+ 31. Ke2 Nxc4 {[%mdl 64] Discovered Attack. Accuracy: White = 51%, Black = 58%.} 0-1

[Event "6th Heraklion Capablanca 2019"]
[Site "Heraklion"]
[Date "2019.05.06"]
[Round "8.2"]
[White "Demuth, Adrien"]
[Black "Szwed, Jacek"]
[Result "*"]
[WhiteElo "2512"]
[BlackElo "2387"]
[Annotator "TA"]
[PlyCount "28"]
[EventDate "2019.04.29"]
[EventType "tourn"]
[EventCountry "GRE"]
[SourceTitle "playchess.com"]
[Source "ChessBase"]
[SourceQuality "1"]

{[%evp 5,5,2]} 1. Nf3 c5 2. b3 d5 3. e3 {Predecessor:} Nf6 $146 4. Bb2 Nc6 5. Bb5 Bd7 6. O-O e6 7. Re1 Be7 8. d4 O-O 9. dxc5 Bxc5 10. Nbd2 Qe7 11. a3 a6 12. Bd3 Ba7 13. c4 dxc4 14. Nxc4 Rfd8 {½-½ (23) Zvjaginsev,V (2641)-Yilmaz,M (2631) Qinhuangdao 2019} *

[Event "6th Heraklion Capablanca 2019"]
[Site "Heraklion"]
[Date "2019.05.06"]
[Round "8.2"]
[White "Demuth, Adrien"]
[Black "Szwed, Jacek"]
[Result "1/2-1/2"]
[WhiteElo "2512"]
[BlackElo "2387"]
[Annotator "TA"]
[PlyCount "158"]
[EventDate "2019.04.29"]
[EventType "tourn"]
[EventCountry "GRE"]
[SourceTitle "playchess.com"]
[Source "ChessBase"]
[SourceQuality "1"]

{[%evp 9,158,2,8,2,7,-8,-4,-26,-22,-19,-18,-12,-17,-36,-27,-25,-20,-24,-11,-12,-9,-9,0,0,0,0,4,0,0,-24,0,0,0,-24,22,0,0,-45,-57,-44,-29,-46,-59,-74,-91,-95,-99,-155,-104,-114,-92,-156,-162,-246,-247,-301,-281,-284,-214,-178,-147,-349,-347,-389,-373,-348,-364,-325,-320,-315,-326,-396,-322,-412,-331,-389,-374,-367,-277,-316,-308,-337,-300,-335,-350,-312,-78,-420,-270,-436,0,0,0,0,0,0,0,0,0,-1743,-1743,-1616,-1303,-1704,-1775,-1741,-1727,-1648,-1686,-1603,-1508,-1344,-1260,-29967,-29968,-29965,-29965,-6211,0,0,0,-29954,-6231,-6199,-5397,-29971,-29972,-29969,-29970,-29974,-29973,-6095,0,0,0,0,0,0,0,0,0,0,0,0,0,0,0,0,0,0,0]} 1. Nf3 c5 2. b3 d5 3. e3 Nf6 4. Bb2 g6 5. Bb5+ (5. Bxf6 exf6 6. c3 Nc6 7. d4 b6 8. Bb5 Bb7 9. O-O a6 10. Bd3 Bd6 11. Re1 O-O 12. g3 Qc7 {½-½ (73) Nakamura,H (2786)-Caruana,F (2802) chess.com INT 2017}) 5... Bd7 6. Be2 {A06: Réti Opening:1 Nf3 d5} Bg7 7. Ne5 $146 ({Predecessor:} 7. O-O O-O 8. d3 Nc6 9. Nbd2 Qc7 10. c4 e5 11. cxd5 Nxd5 {1-0 (54) Beltran,C (2240)-Otalora Pacheco,C (2138) Medellin 2014}) 7... O-O 8. Nxd7 Nfxd7 9. Bxg7 Kxg7 10. c4 d4 11. exd4 cxd4 12. O-O Nc6 13. d3 Nc5 14. a3 a5 15. Nd2 e5 16. Qc2 f5 17. Bf3 Qf6 18. Bxc6 Qxc6 19. b4 Ne6 20. Nf3 Nf4 $36 {[%mdl 2048] Black has the initiative.} 21. Qd2 b6 22. Rfe1 Rfe8 $1 23. b5 Qd6 24. g3 Nh5 25. Re2 {aiming for Rae1.} Re7 26. Rae1 {[%cal Re2e5]} Rae8 27. a4 Nf6 28. h4 ({White should play} 28. Qd1) 28... h6 (28... Nd7 $142 $1 29. Kg2 Nc5) 29. Kg2 Kh7 30. Nh2 (30. Qd1 $142) 30... e4 $17 31. dxe4 (31. Qd1 $142) 31... fxe4 $19 32. Rd1 d3 33. Ree1 Qd4 34. Qe3 Rd7 35. Qf4 $2 (35. Nf1 $17 {was called for.}) 35... Kg7 36. Ng4 Nxg4 37. Qxg4 Rf7 38. Rd2 Qxc4 39. h5 g5 40. Re3 Qd5 41. Kg1 Qc5 42. Kg2 {[#]} Qb4 $1 43. Qd1 Qd4 44. Qc1 {intending Qc6.} Re6 45. Qc8 Ref6 46. Qg4 Qb4 (46... Qxa4 $2 47. Qxe4 Qxe4+ 48. Rxe4 $19) 47. Qd1 Rc7 $2 (47... Rd6 $19 {White must now prevent ...Rdd7.} 48. f3 Rxf3 49. Rxf3 exf3+ 50. Kxf3 g4+ 51. Kg2 Qe4+ 52. Kg1 Qd4+ 53. Kg2 Qd5+ 54. Kg1 Qc5+ 55. Kh2 Qxh5+ 56. Kg1 Qc5+ 57. Kh2 Qf5) 48. Qe1 $2 {[%mdl 8192]} (48. f3 $17 {nothing else works.} Rxf3 49. Rxe4 $1 {[%mdl 512]} Rxg3+ 50. Kxg3 Qxe4 51. Rxd3) 48... Rc4 49. Kg1 $2 (49. f3 exf3+ 50. Rxf3 Rxf3 51. Kxf3) 49... Qc3 $2 (49... g4 $19 50. Kf1 Rf5) 50. Rxe4 $11 Rxe4 51. Qxe4 Qxd2 52. Qe7+ $1 Rf7 53. Qe5+ Kf8 54. Qh8+ $2 {[%mdl 8192]} (54. Qd6+ $11 Ke8 55. Qe6+ Kd8 56. Qxf7) 54... Ke7 $19 55. Qe5+ Kd8 $1 56. Qd6+ Kc8 57. Qc6+ Rc7 58. Qa8+ Kd7 {( -> ...Qe1+)} 59. Qd5+ Ke8 $1 60. Qe6+ Kd8 {Strongly threatening ...Qe2!} 61. Qd5+ Rd7 62. Qa8+ Ke7 63. Qe4+ Kd8 $2 ({Better is} 63... Kd6 $19 64. Qc6+ Ke7 65. Qe4+ Kf8 66. Qa8+ Kf7 67. Qf3+ Ke7 68. Qe4+) 64. Qa8+ $1 $11 Ke7 65. Qe4+ Kd6 66. Qc6+ {[#]} Ke5 $1 67. Qxd7 $19 {[%mdl 4096] Endgame KQ-KQ} Qe1+ 68. Kg2 d2 69. Qc7+ Kd4 70. Qxb6+ {[#]} Kc4 $2 ({Black should try} 70... Kd3 $1 $19 71. Qd6+ Kc2 72. Qg6+ Kb2 73. Qf6+ Kb3 74. Qf3+ Kxa4 75. Qg4+ Kb3 76. Qf3+ Kb4 77. Qg4+ Kb3 78. Qf3+ Kb4 79. Qg4+ Kb3) 71. Qc6+ $1 $11 {The position is equal.} Kb4 (71... Kb3 $5 72. Qd5+ $8 Kxa4 73. Qd4+ Kxb5 74. Qd5+ Kb6 75. Qd6+ Kb7 76. Qd7+ Kb8 77. Qd8+ Kb7 78. Qd7+ Kb8 79. Qd8+ Kb7 80. Qd7+ $11) 72. Qd6+ Kc4 (72... Kxa4 $5 73. Qd4+ $8 Kxb5 74. Qd5+ Kb6 75. Qd6+ Kb7 76. Qd7+ Kb8 77. Qd8+ Kb7 78. Qd7+ Kb8 79. Qd8+ Kb7 80. Qd7+ $11) 73. Qc6+ $1 Kb4 (73... Kb3 $5 74. Qd5+ $8 Kxa4 75. Qd4+ Kxb5 76. Qd5+ Kb6 77. Qd6+ Kb7 78. Qd7+ Kb8 79. Qd8+ Kb7 80. Qd7+ Kb8 81. Qd8+ Kb7 82. Qd7+ $11) 74. Qd6+ Kxa4 75. Qd4+ Kb3 76. Qd3+ Kb4 (76... Kb2 $5 77. Qd4+ $8 Kc2 78. Qc4+ Kd1 79. Qb3+ Kc1 80. Qc4+ Kd1 81. Qb3+ Kc1 82. Qc4+ Kd1 $11) 77. Qd4+ Kb3 78. Qd3+ Kb2 79. Qd4+ Kb3 {Accuracy: White = 44%, Black = 63%.} (79... Kb1 $5 80. Qd3+ $8 Ka2 81. Qc4+ Kb2 82. Qd4+ Kc2 83. Qc4+ Kb1 84. Qb3+ Ka1 85. Qa4+ Kb2 86. Qd4+ $11) 1/2-1/2